000 00330nam a2200121Ia 4500
008 220204s9999 xx 000 0 und d
082 _a657.4
_bPAN
100 _aPandey, I M
245 0 _aManagement accounting: A planning and control approach
260 _aNew Delhi
_bVikas
_c1983
650 _aManagement accounting
942 _cBK
999 _c36800
_d36800